2012 AFL Premiership Team - Statistics

General Stats
  • This quiz has been taken 135 times
  • The average score is 18 of 24
Answer Stats
Hint Answer % Correct
Premiership Team Sydney
99%
Ruck Rover Josh Kennedy
96%
Interchange (Sub) Luke Parker
89%
Full Forward Adam Goodes
88%
Coach John Longmire
88%
Wing Lewis Jetta
88%
Wing Dan Hannebery
81%
Interchange Nick Malceski
80%
Centre Kieran Jack
78%
Centre Half Forward Sam Reid
78%
Forward Pocket Jarrad McVeigh
77%
Interchange Mike Pyke
76%
Half Forward Flank Ryan O'Keefe
74%
Centre Half Back Heath Grundy
71%
Ruck Shane Mumford
69%
Full Back Ted Richards
66%
Back Pocket Rhyce Shaw
63%
Rover Jude Bolton
62%
Forward Pocket Lewis Roberts-Thomson
62%
Interchange Mitch Morton
62%
Half Back Flank Alex Johnson
61%
Half Back Flank Nick Smith
61%
Half Forward Flank Craig Bird
59%
Back Pocket Martin Mattner
57%
No matching quizzes found
Score Distribution
Percent of People with Each Score
Percentile by Number Answered
Your Score History
You have not taken this quiz